000 00385nam a22001697a 4500
005 20180221115551.0
008 160616b xxu||||| |||| 00| 0 eng d
020 _a81-203-2109-X
041 _aeng
082 _b7961
_a174.4
100 _aVelasquiez, Manuel G
_94151
245 _aBusiness Ethics
260 _bPHI
_c2004
300 _a511
650 _aManagement
_9241
942 _cBK
999 _c2930
_d2929